Real Madryt - skład 2023/24 - Statystyki

Ogólne statystyki
  • Ten quiz został rozwiązany 553 razy
  • Średni wynik to 18 z 24
Statystyki odpowiedzi
Odpowiedź % Poprawnych
Chorwacja Luka Modric
91%
Ukraina Andrij Łunin
90%
Brazylia Vinícius Junior
90%
Anglia Jude Bellingham
89%
Brazylia Rodrygo
89%
Belgia Thibaut Courtois
88%
Austria David Alaba
87%
Niemcy Toni Kroos
87%
Brazylia Eder Militao
84%
Francja Eduardo Camavinga
84%
Urugwaj Federico Valverde
84%
Niemcy Antonio Rudiger
80%
Turcja Arda Guler
80%
Hiszpania Daniel Carvajal
80%
Francja Ferland Mendy
75%
Hiszpania Joselu
73%
Francja Aurélien Tchouameni
69%
Hiszpania Nacho Fernandez
64%
Hiszpania Arrizabalaga Kepa
58%
Hiszpania Brahim Díaz
54%
Hiszpania Lucas Vazquez
51%
Hiszpania Daniel Ceballos
48%
Hiszpania Fran García
47%
Hiszpania Alvaro Odriozola
11%
Nie znaleziono quizów pasujących do podanych kryteriów
Rozkład punktacji
Procent ludzi z każdym wynikiem
Percentyl według liczby udzielonych odpowiedzi
Twoja historia wyników
Nie rozwiązałeś tego quizu